000 00549cam a22002053a 4500
001 44966
003 PGUSA
005 20140828084028.0
008 140219s2014||||xxu|||||s|||||000 | eng d
040 _aPGUSA
_beng
042 _adc
100 1 _aCunningham, W.
245 1 0 _aCraft Gilds
_h[electronic resource] /
_cW. Cunningham
260 _bProject Gutenberg,
_c2014
506 _aPublic domain in the USA.
516 _aElectronic text
830 0 _aProject Gutenberg
_v44966
856 4 0 _uhttp://www.gutenberg.org/ebooks/44966
942 _cEB
999 _c274217
_d274217